Sports Quiz

Random Sports Quiz

L.A./Brooklyn Dodgers w/ 100+ HR's (Slideshow) Quiz Stats

Quiz not verified by Sporcle

Score 0/25 Timer 05:00
0 Plays Today
% Correct
Mike Piazza
98.1%
Duke Snider
97.2%
Ron Cey
91.1%
Matt Kemp
90.6%
Gil Hodges
89.2%
Gary Sheffield
88.7%
Eric Karros
87.8%
Steve Garvey
87.8%
Roy Campanella
86.9%
Jackie Robinson
86.9%
Andre Ethier
83.6%
Shawn Green
82.2%
Pedro Guerrero
81.7%
% Correct
Pee Wee Reese
81.2%
Raul Mondesi
75.1%
Adrian Beltre
72.8%
Dusty Baker
70%
Willie Davis
66.7%
Steve Yeager
65.7%
Frank Howard
62.4%
Mike Marshall
59.6%
Carl Furillo
58.7%
Zack Wheat
52.6%
Babe Herman
35.7%
Dolph Camilli
33.3%

You're not logged in!

Compare scores with friends on all Sporcle quizzes.
Sign Up with Email
OR
Log In

You Might Also Like...

Show Comments

Extras

Top Quizzes Today


Score Distribution

Your Account Isn't Verified!

In order to create a playlist on Sporcle, you need to verify the email address you used during registration. Go to your Sporcle Settings to finish the process.